<?xml version="1.0" encoding="UTF-8"?>
<marc:record xmlns:marc="http://www.loc.gov/MARC21/slim" type="Bibliographic">
   <marc:leader>00000pam a2200000 c 4500</marc:leader>
   <marc:controlfield tag="001">973263768</marc:controlfield>
   <marc:controlfield tag="003">DE-101</marc:controlfield>
   <marc:controlfield tag="005">20171203173317.0</marc:controlfield>
   <marc:controlfield tag="007">tu</marc:controlfield>
   <marc:controlfield tag="008">041223s2005    gw ||||| |||| 00||||ger  </marc:controlfield>
   <marc:datafield ind1=" " ind2=" " tag="015">
      <marc:subfield code="a">06,A01,1130</marc:subfield>
      <marc:subfield code="z">05,N04,1360</marc:subfield>
      <marc:subfield code="2">dnb</marc:subfield>
   </marc:datafield>
   <marc:datafield ind1="7" ind2=" " tag="016">
      <marc:subfield code="2">DE-101</marc:subfield>
      <marc:subfield code="a">973263768</marc:subfield>
   </marc:datafield>
   <marc:datafield ind1=" " ind2=" " tag="020">
      <marc:subfield code="a">9783702010867</marc:subfield>
      <marc:subfield code="c">Pp. : ca. EUR 19.90, ca. sfr 34.90</marc:subfield>
      <marc:subfield code="9">978-3-7020-1086-7</marc:subfield>
   </marc:datafield>
   <marc:datafield ind1=" " ind2=" " tag="020">
      <marc:subfield code="a">3702010866</marc:subfield>
      <marc:subfield code="c">Pp. : ca. EUR 19.90, ca. sfr 34.90</marc:subfield>
      <marc:subfield code="9">3-7020-1086-6</marc:subfield>
   </marc:datafield>
   <marc:datafield ind1="3" ind2=" " tag="024">
      <marc:subfield code="a">9783702010867</marc:subfield>
   </marc:datafield>
   <marc:datafield ind1=" " ind2=" " tag="035">
      <marc:subfield code="a">(DE-599)DNB973263768</marc:subfield>
   </marc:datafield>
   <marc:datafield ind1=" " ind2=" " tag="035">
      <marc:subfield code="a">(OCoLC)181441979</marc:subfield>
   </marc:datafield>
   <marc:datafield ind1=" " ind2=" " tag="040">
      <marc:subfield code="a">1145</marc:subfield>
      <marc:subfield code="b">ger</marc:subfield>
      <marc:subfield code="c">DE-101</marc:subfield>
      <marc:subfield code="d">9999</marc:subfield>
   </marc:datafield>
   <marc:datafield ind1=" " ind2=" " tag="041">
      <marc:subfield code="a">ger</marc:subfield>
   </marc:datafield>
   <marc:datafield ind1=" " ind2=" " tag="044">
      <marc:subfield code="c">XA-DE</marc:subfield>
   </marc:datafield>
   <marc:datafield ind1="7" ind2="4" tag="082">
      <marc:subfield code="a">640</marc:subfield>
      <marc:subfield code="a">630</marc:subfield>
      <marc:subfield code="q">DE-101</marc:subfield>
      <marc:subfield code="2">22sdnb</marc:subfield>
   </marc:datafield>
   <marc:datafield ind1=" " ind2=" " tag="090">
      <marc:subfield code="a">b</marc:subfield>
   </marc:datafield>
   <marc:datafield ind1="0" ind2="0" tag="245">
      <marc:subfield code="a">&#x98;Das&#x9c; Bäuerinnen Mehlspeisen-Kochbuch</marc:subfield>
      <marc:subfield code="b">alte &amp; neue Lieblingsrezepte</marc:subfield>
   </marc:datafield>
   <marc:datafield ind1=" " ind2="1" tag="264">
      <marc:subfield code="a">Graz</marc:subfield>
      <marc:subfield code="a">Stuttgart</marc:subfield>
      <marc:subfield code="b">Stocker</marc:subfield>
      <marc:subfield code="c">2005</marc:subfield>
   </marc:datafield>
   <marc:datafield ind1=" " ind2=" " tag="300">
      <marc:subfield code="a">152 S.</marc:subfield>
      <marc:subfield code="b">zahlr. Ill.</marc:subfield>
      <marc:subfield code="c">25 cm</marc:subfield>
   </marc:datafield>
   <marc:datafield ind1=" " ind2=" " tag="336">
      <marc:subfield code="a">Text</marc:subfield>
      <marc:subfield code="b">txt</marc:subfield>
      <marc:subfield code="2">rdacontent</marc:subfield>
   </marc:datafield>
   <marc:datafield ind1=" " ind2=" " tag="336">
      <marc:subfield code="a">unbewegtes Bild</marc:subfield>
      <marc:subfield code="b">sti</marc:subfield>
      <marc:subfield code="2">rdacontent</marc:subfield>
   </marc:datafield>
   <marc:datafield ind1=" " ind2=" " tag="337">
      <marc:subfield code="a">ohne Hilfsmittel zu benutzen</marc:subfield>
      <marc:subfield code="b">n</marc:subfield>
      <marc:subfield code="2">rdamedia</marc:subfield>
   </marc:datafield>
   <marc:datafield ind1=" " ind2=" " tag="338">
      <marc:subfield code="a">Band</marc:subfield>
      <marc:subfield code="b">nc</marc:subfield>
      <marc:subfield code="2">rdacarrier</marc:subfield>
   </marc:datafield>
   <marc:datafield ind1=" " ind2=" " tag="520">
      <marc:subfield code="a">Nach dem grossen Erfolg des österreichischen Bäuerinnen-Kochbuches finden sich hier nun die 150 besten Nachtische, Süss- und Mehlspeisenrezepte vom Land, eingesandt von Bäuerinnen aus allen Regionen Österreichs. Die zahlreichen Rezeptfotos laden den Leser so richtig zum Nachkochen ein. Süsse Hauptspeisen wie Schneeknödel, Weinbeerpunkel und Schwarzbeersterz... Kuchen, Rouladen und Schnitten wie Gewürz-Nuss-Kuchen, Rotwein- oder Marzipan- Früchte-Kuchen, Kürbiskernroulade, Eigelb- oder Waldviertler Kokosschnitten... Torten: Amaretto-Torte, Joghurt-Weincreme- und Buchweizentorte... Kleingebäck wie Apfelspangen, Korkenzieher, Brandteigkrapfen mit Himbeercreme... Süsse Nachspeisen wie Holunderblütenmousse, Kalter Mandelpudding und Schoko- Rum-Creme...</marc:subfield>
   </marc:datafield>
   <marc:datafield ind1=" " ind2="7" tag="650">
      <marc:subfield code="0">(DE-588)4038358-1</marc:subfield>
      <marc:subfield code="0">http://d-nb.info/gnd/4038358-1</marc:subfield>
      <marc:subfield code="0">(DE-101)04038358X</marc:subfield>
      <marc:subfield code="a">Mehlspeise</marc:subfield>
      <marc:subfield code="2">gnd</marc:subfield>
   </marc:datafield>
   <marc:datafield ind1=" " ind2="7" tag="650">
      <marc:subfield code="0">(DE-588)4034025-9</marc:subfield>
      <marc:subfield code="0">http://d-nb.info/gnd/4034025-9</marc:subfield>
      <marc:subfield code="0">(DE-101)040340252</marc:subfield>
      <marc:subfield code="a">Ländlicher Haushalt</marc:subfield>
      <marc:subfield code="2">gnd</marc:subfield>
   </marc:datafield>
   <marc:datafield ind1=" " ind2=" " tag="653">
      <marc:subfield code="a">(VLB-PF)BB: Gebunden</marc:subfield>
   </marc:datafield>
   <marc:datafield ind1=" " ind2="7" tag="655">
      <marc:subfield code="0">(DE-588)4114240-8</marc:subfield>
      <marc:subfield code="0">http://d-nb.info/gnd/4114240-8</marc:subfield>
      <marc:subfield code="0">(DE-101)041142403</marc:subfield>
      <marc:subfield code="a">Kochbuch</marc:subfield>
      <marc:subfield code="2">gnd-content</marc:subfield>
   </marc:datafield>
   <marc:datafield ind1=" " ind2="7" tag="655">
      <marc:subfield code="a">Kochbuch</marc:subfield>
      <marc:subfield code="2">gnd</marc:subfield>
   </marc:datafield>
   <marc:datafield ind1="0" ind2="0" tag="689">
      <marc:subfield code="0">(DE-588)4038358-1</marc:subfield>
      <marc:subfield code="0">http://d-nb.info/gnd/4038358-1</marc:subfield>
      <marc:subfield code="0">(DE-101)04038358X</marc:subfield>
      <marc:subfield code="D">s</marc:subfield>
      <marc:subfield code="a">Mehlspeise</marc:subfield>
   </marc:datafield>
   <marc:datafield ind1="0" ind2="1" tag="689">
      <marc:subfield code="0">(DE-588)4034025-9</marc:subfield>
      <marc:subfield code="0">http://d-nb.info/gnd/4034025-9</marc:subfield>
      <marc:subfield code="0">(DE-101)040340252</marc:subfield>
      <marc:subfield code="D">s</marc:subfield>
      <marc:subfield code="a">Ländlicher Haushalt</marc:subfield>
   </marc:datafield>
   <marc:datafield ind1="0" ind2="2" tag="689">
      <marc:subfield code="A">f</marc:subfield>
      <marc:subfield code="a">Kochbuch</marc:subfield>
   </marc:datafield>
   <marc:datafield ind1="0" ind2=" " tag="689">
      <marc:subfield code="5">DE-101</marc:subfield>
      <marc:subfield code="5">DE-101</marc:subfield>
   </marc:datafield>
   <marc:datafield ind1=" " ind2=" " tag="850">
      <marc:subfield code="a">DE-101a</marc:subfield>
      <marc:subfield code="a">DE-101b</marc:subfield>
   </marc:datafield>
   <marc:datafield ind1="r" ind2=" " tag="925">
      <marc:subfield code="a">ra</marc:subfield>
   </marc:datafield>
</marc:record>
